Castilla y su deber (Record no. 183686)

MARC details
000 -LEADER
campo de control de longitud fija 00565nam a2200157 i 4500
001 - NÚMERO DE CONTROL
campo de control 183686
003 - IDENTIFICADOR DE NÚMERO DE CONTROL
campo de control ES-MaACL
005 - FECHA Y HORA DE LA ÚLTIMA TRANSACCIÓN
campo de control 20230906221943.0
008 - DATOS DE LONGITUD FIJA--INFORMACIÓN GENERAL
campo de control de longitud fija 140923s1911 sp |||| | spa d
100 0# - ENTRADA PRINCIPAL--NOMBRE DE PERSONA
Nombre de persona Peñalba Alonso de Ojeda, Matías.
9 (RLIN) 90297
245 10 - MENCIÓN DEL TÍTULO
Título Castilla y su deber
Resto del título : conferencia dada en el Ateneo de Valladolid el 4 de mayo de 1911 /
Mención de responsabilidad, etc. por Matías Peñalba Alonso de Ojeda.
260 ## - PUBLICACIÓN, DISTRIBUCIÓN, ETC.
Lugar de publicación, distribución, etc. Valladolid :
Nombre del editor, distribuidor, etc. [s.n.],
Fecha de publicación, distribución, etc. 1911 (
Fabricante Impr. Castellana)
300 ## - DESCRIPCIÓN FÍSICA
Extensión 30 p. ;
Dimensiones 21 cm.
710 2# - ENTRADA AGREGADA--NOMBRE DE ENTIDAD CORPORATIVA
Nombre de entidad corporativa o nombre de jurisdicción como elemento de entrada Ateneo de Valladolid.
9 (RLIN) 2031
852 ## - LOCALIZACIÓN
Ubicación ES-MaACL
Número de control de estantería T-1376-F-4
Holdings
Estatus retirado Estado de pérdida Estado de daño No para préstamo Colección Biblioteca de origen Biblioteca actual Ubicación en estantería Fecha de adquisición Fuente de adquisición Total de préstamos Signatura topográfica completa Código de barras Visto por última vez Precio de reemplazo Tipo de ítem Koha
        Colección de folletos Biblioteca del Ateneo de Madrid Biblioteca del Ateneo de Madrid Depósito folletos 23/09/2014     T-1376-F-4 1193109 23/02/2023 23/02/2023 Folleto